| 000 | 00637nam a2200181 i 4500 | ||
|---|---|---|---|
| 001 | 33812 | ||
| 003 | ES-MaACL | ||
| 005 | 20251004063056.0 | ||
| 007 | t| | ||
| 008 | 030203s1866 cu ||||1| spa d | ||
| 100 | 1 |
_aBlanchet, Emilio, _d1829-1915 _929156 |
|
| 245 | 1 | 3 |
_aEl anillo de Isabel Tudor _b: drama en cuatro actos y en verso . Esposas de coche y Estravo : sátira / _coriginal de Emilio Blanchet. |
| 260 |
_aMatanzas (Cuba) : _b[s.n., _c1866] ( _fJ. Curbelo) |
||
| 300 |
_a63 p. ; _c22 cm. |
||
| 740 | 0 | _aEsposas de coche y Estravo : sátira. | |
| 852 |
_aES-MaACL _jR-2795 _x Olim:G-3661 |
||
| 999 |
_c33812 _d33812 |
||